| 000 | 01011cam a2200313 a 4500 | ||
|---|---|---|---|
| 008 | |||
| 020 | _a9780824747152 (hbk.) | ||
| 049 | _aMAIN | ||
| 090 |
_aHV551.2 _bKIR |
||
| 100 | 1 | _aKirschenbaum, Alan. | |
| 245 | 1 | 0 |
_aChaos organization and disaster management / _cAlan Kirschenbaum. |
| 260 |
_aNew York : _bMarcel Dekker, _c2004. |
||
| 300 |
_a328 pages : _billustrations ; _c24 cm. |
||
| 336 |
_atext _btxt _2rdacontent |
||
| 337 |
_acomputer _bc _2rdamedia |
||
| 338 |
_aonline resource _bcr _2rdacarrier |
||
| 440 | 0 |
_aPublic administration and public policy ; _v105. |
|
| 504 | _aIncludes bibliographical references. | ||
| 500 | _aIncludes index. | ||
| 650 | 0 | _aEmergency management. | |
| 650 | 0 | _aDisaster relief. | |
| 650 | 0 |
_aEmergency management _zIsrael _vCase studies. |
|
| 650 | 0 |
_aDisaster relief _zIsrael. |
|
| 907 |
_a.b10365655 _b18-03-19 _c16-11-15 |
||
| 003 | |||
| 005 | 20230123122155.0 | ||
| 040 | _cNUST | ||
| 942 |
_cBOOKS _kHV551.2 _mKIR |
||
| 999 |
_c129099 _d129099 |
||